Statistiques concernant Pays d'Asie les plus occidentaux

Cliquez ici pour prendre le quiz!

Statistiques générales

  • Ce quiz a été pris 9 910 fois
  • Le résultat moyen est 9 sur 10

Statistiques - réponses

LongitudePays% Correct
25°39' ETurquie
97%
34°15' EIsraël
93%
34°33' EArabie Saoudite
89%
35°30' ESyrie
89%
38°50' EIrak
88%
35°06' ELiban
88%
34°55' EJordanie
87%
41°30' EGéorgie
83%
32°16' EChypre
77%
41°49' EYémen
75%

Distribution des résultats

Percentile par nombre de réponses

% des personnes avec chaque résultat

Votre développement - résultats

Vous n’avez pas pris ce quiz